000 00356nam a2200133Ia 4500
008 240624s9999 xx 000 0 und d
041 _aeng
082 _a004.6 DOO
100 _aDOOLEY ALLEN
245 _aGO WITH BUSINESS DATA COMMUNICATIONS
260 _c2005
_aNew Jersey
_bPearson Prentice Hall
300 _axix, : 427 : p. : cm. ; 26
365 _c
_b30
999 _c11273
_d11273